| 000 | 00632nam a2200193Ia 4500 | ||
|---|---|---|---|
| 003 | GCL | ||
| 008 | 140319s9999 xx 000 0 ara d | ||
| 040 |
_aGCL / _cGCL |
||
| 082 | 0 | 4 |
_a621.3819534 _bا ط |
| 100 | 1 | _aامين فهمى | |
| 245 | 1 | 0 |
_aالطابعة الكومبيوترية:الاصلاح والصيانة / _cامين فهمى |
| 260 |
_a[S.N] : _bدار الراتب الجامعية |
||
| 300 | _a199 ص | ||
| 490 |
_aالورشة الفنية الالكترونية _v0 |
||
| 650 | 0 | 4 | _aالصيانة |
| 650 | 0 | 4 | _aالطباعة |
| 650 | 0 | 4 | _aالمكونات المادية للحاسب |
| 942 |
_2ddc _cBK |
||
| 999 |
_c53222 _d53222 |
||